| 000 | 02193nam0a2200385 i 4500 | ||
|---|---|---|---|
| 001 | RU\NLR\BIBL_A\010859190 | ||
| 005 | 20260409063044.0 | ||
| 010 |
_a9785929607240 _9120 |
||
| 021 |
_aRU _b2015-67322 _94029 |
||
| 035 | _a(NILC)RuMoRGB-008012493 | ||
| 035 | _a(NLR Aleph) 010859190 | ||
| 090 |
_a10412555 _c10412555 |
||
| 100 | _a20151012d2015 km y0rusy50 ca | ||
| 101 | 0 | _arus | |
| 102 | _aRU | ||
| 105 | _aa z 000yy | ||
| 200 | 1 |
_aБезопасность в Северо-Кавказском федеральном округе в современных условиях _eколлективная монография _f[Медведев Н. П., Васильев Ю. В., Аствацатурова М. А. и др.] _gотв. ред. д.филос.н., проф. Н. П. Медведев _gМ-во образования и науки Российской Федерации, Федеральное гос. авт. образоват. учреждение высш. проф. образования "Северо-Кавказский федеральный ун-т" |
|
| 210 |
_aСтаврополь _cИзд-во СКФУ _d2015 |
||
| 215 |
_a166 с. _cил., табл. _d30 |
||
| 300 | _aАвт. указаны в содерж. | ||
| 606 | 1 |
_aНациональная безопасность _yКавказ Северный _92522530 _3RU\NLR\AUTH\661494685 |
|
| 675 | _a355/359 | ||
| 686 | 1 | _aХ621.162 | |
| 686 | 1 | _aЦ8(2Р37)1 | |
| 686 | 1 | _aФ5(2Р37) | |
| 701 | 1 |
_4070 _4340 _8rus _7ca _aМедведев _bН. П. _cд-р филос. наук _gНиколай Петрович _3RU\NLR\AUTH\7742994 _925937 |
|
| 701 | 1 |
_8rus _7ca _aВасильев _bЮ. В. _cд-р полит. наук, канд. юрид. наук _f1953- _gЮрий Владимирович _3RU\NLR\AUTH\7776347 _959275 |
|
| 701 | 1 |
_aАствацатурова _bМ. А. _gМайя Арташесовна |
|
| 712 | 0 | 2 |
_4570 _aСеверо-Кавказский федеральный университет _cСтаврополь _3RU\NLR\AUTH\8810236290 _9357867 |
| 801 | 0 |
_aRU _bРГБ _c20150903 _gRCR |
|
| 942 | _cBOOK | ||
| 980 | _aNBR | ||